| 000 | 00462pam a2200157a 44500 | ||
|---|---|---|---|
| 008 | 230515b2012 xxu||||| |||| 00| 0 eng d | ||
| 020 | _aNULL | ||
| 041 | _aENGLISH | ||
| 082 | _aND | ||
| 100 | _aMS ANISHA VEERAMANI | ||
| 245 | _a"A STUDY TO ASSESS THE EFFECT OF HEALTH TEACHING ON OPERATIVE ANXIETY AMONG LSCS MOTHERS AT SELECTED HOSPITALS OF PIMPRI CHINCHAWAD , PUNE" | ||
| 250 | _a0 | ||
| 260 |
_a _bDR D Y PATIL _c2012 |
||
| 300 | _a120 | ||
| 650 | _aNULL | ||
| 999 |
_c531025 _d531025 |
||